One Phoenix Suns Player By Season - Statistics

General Stats
  • This quiz has been taken 295 times
    117 since last reset
  • The average score is 36 of 57
Answer Stats
Season Players Full List % Correct
2024-25 Devin Booker | Kevin Durant | Bradley Beal | Tyus Jones | Royce O'Neale | Grayson Allen | Jusuf Nurkić | Nick Richards | Ryan Dunn | Mason Plumlee | Oso Ighodaro | Cody Martin | Collin Gillespie | Josh Okogie | Monte Morris | Bol Bol | TyTy Washington Jr. | Damion Lee | Vasilije Micić | Jalen Bridges
100%
2023-24 Kevin Durant | Devin Booker | Bradley Beal | Grayson Allen | Eric Gordon | Jusuf Nurkić | Royce O'Neale | Bol Bol | Drew Eubanks | Jordan Goodwin | Chimezie Metu | Josh Okogie | Keita Bates-Diop | Yuta Watanabe | Nassir Little | Saben Lee | Thaddeus Young | Udoka Azubuike | David Roddy | Théo Maledon | Isaiah Thomas | Ish Wainright
99%
2022-23 Devin Booker | Chris Paul | Deandre Ayton | Mikal Bridges | Cameron Johnson | Torrey Craig | Cameron Payne | Damion Lee | Landry Shamet | Ish Wainright | Jock Landale | Bismack Biyombo | Josh Okogie | Duane Washington Jr. | Dario Šarić | Terrence Ross | Saben Lee | Kevin Durant | T.J. Warren | Darius Bazley
99%
2021-22 Devin Booker | Chris Paul | Deandre Ayton | Mikal Bridges | Jae Crowder | Cameron Johnson | Cameron Payne | Frank Kaminsky | Landry Shamet | Torrey Craig | Bismack Biyombo | Aaron Holiday | JaVale McGee | Jalen Smith | Elfrid Payton | Abdel Nader | Ish Wainright | Emanuel Terry | Justin Jackson | M.J. Walker | Chandler Hutchison | Paris Bass | Gabriel Lundberg
97%
2020-21 Devin Booker | Chris Paul | Deandre Ayton | Mikal Bridges | Jae Crowder | Cameron Johnson | Torrey Craig | Cameron Payne | Dario Šarić | Frank Kaminsky | Abdel Nader | E'Twaun Moore | Jevon Carter | Langston Galloway | Damian Jones | Jalen Smith | Ty-Shon Alexander
96%
2019-20 Devin Booker | Deandre Ayton | Kelly Oubre Jr. | Ricky Rubio | Mikal Bridges | Dario Šarić | Cameron Payne | Aron Baynes | Cameron Johnson | Frank Kaminsky | Tyler Johnson | Jevon Carter | Elie Okobo | Jonah Bolden | Ty Jerome | Cheick Diallo | Jalen Lecque | Tariq Owens | Jared Harper
95%
2018-19 Devin Booker | Deandre Ayton | T.J. Warren | Kelly Oubre Jr. | Mikal Bridges | Trevor Ariza | Tyler Johnson | Isaiah Canaan | Josh Jackson | De'Anthony Melton | Jamal Crawford | Ryan Anderson | Elie Okobo | Dragan Bender | Richaun Holmes | Troy Daniels | Tyson Chandler | Quincy Acy | Ray Spalding | Jimmer Fredette | Emanuel Terry | Jawun Evans | George King | Eric Moreland
94%
2017-18 Devin Booker | Eric Bledsoe | T.J. Warren | Elfrid Payton | Josh Jackson | Dragan Bender | Tyson Chandler | Tyler Ulis | Greg Monroe | Isaiah Canaan | Marquese Chriss | Mike James | Troy Daniels | Alex Len | Danuel House Jr. | Josh Gray | Shaquille Harrison | Jared Dudley | Alan Williams | Davon Reed | Alec Peters | Derrick Jones Jr.
94%
2016-17 Devin Booker | Eric Bledsoe | T.J. Warren | P.J. Tucker | Tyson Chandler | Marquese Chriss | Jared Dudley | Brandon Knight | Alex Len | Tyler Ulis | Derrick Jones Jr. | Alan Williams | Leandro Barbosa | Dragan Bender | Jarell Eddie | Elijah Millsap | Ronnie Price | John Jenkins
94%
2015-16 Devin Booker | Eric Bledsoe | Brandon Knight | P.J. Tucker | Markieff Morris | Tyson Chandler | Orlando Johnson | Alex Len | T.J. Warren | Mirza Teletović | Archie Goodwin | Ronnie Price | Jon Leuer | Kris Humphries | John Jenkins | Phil Pressey | Chase Budinger | Sonny Weems | Jordan McRae | Bryce Cotton | Lorenzo Brown | Alan Williams | Cory Jefferson
94%
2005-06 Steve Nash | Amar'e Stoudemire | Shawn Marion | Raja Bell | Boris Diaw | Leandro Barbosa | Kurt Thomas | Tim Thomas | James Jones | Eddie House | Jim Jackson | Brian Grant | Andre Barrett | Pat Burke | Nikoloz Tskitishvili | Josh Davis | Sharrod Ford | Dijon Thompson
89%
2009-10 Steve Nash | Amar'e Stoudemire | Jason Richardson | Grant Hill | Channing Frye | Jared Dudley | Robin Lopez | Goran Dragić | Leandro Barbosa | Lou Amundson | Jarron Collins | Earl Clark | Alando Tucker | Taylor Griffin | Dwayne Jones
88%
2007-08 Steve Nash | Amar'e Stoudemire | Shawn Marion | Shaquille O'Neal | Grant Hill | Raja Bell | Leandro Barbosa | Boris Diaw | Gordan Giriček | Marcus Banks | Brian Skinner | Linton Johnson | D.J. Strawberry | Alando Tucker | Eric Piatkowski | Sean Marks
88%
2006-07 Steve Nash | Amar'e Stoudemire | Shawn Marion | Raja Bell | Leandro Barbosa | Boris Diaw | James Jones | Kurt Thomas | Marcus Banks | Jalen Rose | Jumaine Jones | Pat Burke | Eric Piatkowski | Sean Marks
88%
2004-05 Steve Nash | Amar'e Stoudemire | Shawn Marion | Joe Johnson | Quentin Richardson | Jim Jackson | Casey Jacobsen | Leandro Barbosa | Steven Hunter | Walter McCarty | Jake Voskuhl | Maciej Lampe | Smush Parker | Jackson Vroman | Bo Outlaw | Yuta Tabuse | Žarko Čabarkapa | Paul Shirley
88%
2008-09 Steve Nash | Amar'e Stoudemire | Shaquille O'Neal | Jason Richardson | Grant Hill | Raja Bell | Matt Barnes | Boris Diaw | Leandro Barbosa | Jared Dudley | Dee Brown | Lou Amundson | Goran Dragić | Robin Lopez | Sean Singletary | Alando Tucker | Stromile Swift | Courtney Sims
87%
2010-11 Steve Nash | Channing Frye | Jason Richardson | Grant Hill | Marcin Gortat | Vince Carter | Jared Dudley | Hedo Türkoğlu | Aaron Brooks | Mickaël Piétrus | Goran Dragić | Hakim Warrick | Josh Childress | Earl Barron | Robin Lopez | Zabian Dowdell | Earl Clark | Garret Siler | Gani Lawal
84%
2011-12 Steve Nash | Grant Hill | Marcin Gortat | Jared Dudley | Channing Frye | Shannon Brown | Markieff Morris | Michael Redd | Sebastian Telfair | Josh Childress | Ronnie Price | Hakim Warrick | Robin Lopez
82%
1993-94 Charles Barkley | Kevin Johnson | Dan Majerle | A.C. Green | Cedric Ceballos | Oliver Miller | Danny Ainge | Elliot Perry | Mark West | Frank Johnson | Joe Kleine | Negele Knight | Duane Cooper | Jerrod Mustaf | Joe Courtney | Skeeter Henry | Malcolm Mackey
79%
1994-95 Charles Barkley | Kevin Johnson | Dan Majerle | A.C. Green | Danny Manning | Elliot Perry | Wesley Person | Wayman Tisdale | Danny Ainge | Joe Kleine | Danny Schayes | Richard Dumas | Trevor Ruffin | Aaron Swinson | Antonio Lang
78%
1992-93 Charles Barkley | Kevin Johnson | Dan Majerle | Richard Dumas | Danny Ainge | Tom Chambers | Cedric Ceballos | Oliver Miller | Mark West | Negele Knight | Frank Johnson | Jerrod Mustaf | Kurt Rambis | Tim Kempton | Alex Stivrins
78%
1995-96 Charles Barkley | Kevin Johnson | Michael Finley | Wesley Person | Hot Rod Williams | A.C. Green | Danny Manning | Elliot Perry | Wayman Tisdale | Tony Smith | Mario Bennett | Joe Kleine | Chris Carr | David Wood | Stefano Rusconi | Terrence Rencher | John Coker
74%
2002-03 Amar'e Stoudemire | Shawn Marion | Stephon Marbury | Penny Hardaway | Joe Johnson | Bo Outlaw | Tom Gugliotta | Jake Tsakalidis | Casey Jacobsen | Jake Voskuhl | Scott Williams | Dan Langhi | Randy Brown | Alton Ford
70%
2003-04 Amar'e Stoudemire | Shawn Marion | Stephon Marbury | Joe Johnson | Penny Hardaway | Jake Voskuhl | Casey Jacobsen | Leandro Barbosa | Howard Eisley | Antonio McDyess | Scott Williams | Jahidi White | Donnell Harvey | Žarko Čabarkapa | Maciej Lampe | Tom Gugliotta | Brevin Knight | Robert Archibald | Cezary Trybański
69%
2013-14 Goran Dragić | Eric Bledsoe | P.J. Tucker | Gerald Green | Channing Frye | Markieff Morris | Miles Plumlee | Marcus Morris | Leandro Barbosa | Ish Smith | Archie Goodwin | Alex Len | Shavlik Randolph | Dionte Christmas | Viacheslav Kravtsov
61%
1999-00 Jason Kidd | Penny Hardaway | Clifford Robinson | Tom Gugliotta | Rodney Rogers | Shawn Marion | Oliver Miller | Luc Longley | Kevin Johnson | Rex Chapman | Todd Day | Randy Livingston | Corie Blount | Toby Bailey | Don MacLean | Mark West | Ben Davis
61%
2001-02 Shawn Marion | Stephon Marbury | Joe Johnson | Penny Hardaway | Tom Gugliotta | Rodney Rogers | Bo Outlaw | Jake Tsakalidis | Tony Delk | Dan Majerle | Jake Voskuhl | John Wallace | Milt Palacio | Jud Buechler | Joe Crispin | Alton Ford | Charlie Bell | Daniel Santiago | Vinny Del Negro
58%
2000-01 Jason Kidd | Shawn Marion | Clifford Robinson | Penny Hardaway | Tony Delk | Rodney Rogers | Mario Elie | Tom Gugliotta | Jake Tsakalidis | Vinny Del Negro | Corie Blount | Chris Dudley | Daniel Santiago | Elliot Perry | Paul McPherson | Rubén Garcés
58%
1996-97 Jason Kidd | Kevin Johnson | Hot Rod Williams | Michael Finley | Wesley Person | Rex Chapman | Danny Manning | Cedric Ceballos | Mark Bryant | Sam Cassell | Robert Horry | A.C. Green | Joe Kleine | Wayman Tisdale | Mike Brown | Loren Meyer | Steve Nash | Tony Dumas | Chucky Brown | Rumeal Robinson | Dexter Boney | Horacio Llamas | Ben Davis
58%
1997-98 Jason Kidd | Kevin Johnson | Rex Chapman | Antonio McDyess | Clifford Robinson | Danny Manning | Steve Nash | George McCloud | Hot Rod Williams | Cedric Ceballos | Dennis Scott | Mark Bryant | Horacio Llamas | Marko Milič | Brooks Thompson
57%
2012-13 Goran Dragić | Marcin Gortat | Jared Dudley | Luis Scola | P.J. Tucker | Shannon Brown | Markieff Morris | Michael Beasley | Wesley Johnson | Jermaine O'Neal | Sebastian Telfair | Marcus Morris | Kendall Marshall | Hamed Haddadi | Diante Garrett | Luke Zeller
56%
2014-15 Goran Dragić | Eric Bledsoe | Markieff Morris | Brandon Knight | P.J. Tucker | Isaiah Thomas | Marcus Morris | Alex Len | Brandan Wright | Gerald Green | Miles Plumlee | T.J. Warren | Archie Goodwin | Anthony Tolliver | Marcus Thornton | Earl Barron | A.J. Price | Tyler Ennis | Reggie Bullock | Shavlik Randolph | Jerel McNeal | Seth Curry | Zoran Dragić
55%
1991-92 Kevin Johnson | Jeff Hornacek | Dan Majerle | Tim Perry | Tom Chambers | Andrew Lang | Mark West | Negele Knight | Kurt Rambis | Steve Burtt | Cedric Ceballos | Jerrod Mustaf | Ed Nealy
55%
1990-91 Kevin Johnson | Jeff Hornacek | Tom Chambers | Xavier McDaniel | Dan Majerle | Mark West | Eddie Johnson | Andrew Lang | Kenny Battle | Kurt Rambis | Tim Perry | Negele Knight | Cedric Ceballos | Ed Nealy | Joe Barry Carroll | Ian Lockhart
54%
1989-90 Kevin Johnson | Tom Chambers | Jeff Hornacek | Dan Majerle | Mark West | Eddie Johnson | Kurt Rambis | Mike McGee | Armen Gilliam | Andrew Lang | Kenny Battle | Tim Perry | Greg Grant | Tim Legler | Mike Morrison | Micheal Williams
54%
1988-89 Kevin Johnson | Tom Chambers | Jeff Hornacek | Eddie Johnson | Armen Gilliam | Dan Majerle | Mark West | Tyrone Corbin | Tim Perry | T.R. Dunn | Craig Hodges | Andrew Lang | Steve Kerr | Ed Nealy | Kenny Gattison | Mark Davis | Winston Crite
54%
1987-88 Kevin Johnson | Larry Nance | Armen Gilliam | James Edwards | Mark West | Jay Humphries | Eddie Johnson | Walter Davis | Jeff Hornacek | Alvan Adams | Craig Hodges | Tyrone Corbin | Bernard Thompson | James Bailey | Mike Sanders | Jeff Cook | Bill Martin | Winston Crite | Ron Moore
53%
1985-86 Larry Nance | Walter Davis | Alvan Adams | Jay Humphries | James Edwards | Bernard Thompson | Sedric Toney | Mike Sanders | Ed Pinckney | Nick Vanos | Charles Jones | Charles Pittman | Michael Holton | Georgi Glouchkov | Rod Foster | Rick Robey | Devin Durrant
46%
1983-84 Larry Nance | Walter Davis | Alvan Adams | Maurice Lucas | Kyle Macy | James Edwards | Rod Foster | Johnny High | Paul Westphal | Charles Pittman | Rick Robey | Rory White | Mike Sanders | Alvin Scott
46%
1982-83 Larry Nance | Walter Davis | Alvan Adams | Maurice Lucas | Dennis Johnson | Kyle Macy | James Edwards | Johnny High | Alvin Scott | Jeff Cook | David Thirdkill | Rory White | Joel Kramer | Charles Pittman
46%
1981-82 Walter Davis | Alvan Adams | Dennis Johnson | Truck Robinson | Kyle Macy | Rich Kelley | Alvin Scott | Jeff Cook | Larry Nance | Dudley Bradley | Joel Kramer | Craig Dykema | John McCullough
46%
1986-87 Larry Nance | Walter Davis | Jay Humphries | Ed Pinckney | Alvan Adams | James Edwards | Mike Sanders | William Bedford | Jeff Hornacek | Kenny Gattison | Bernard Thompson | Grant Gondrezick | Rafael Addison | Nick Vanos
45%
1984-85 Larry Nance | Walter Davis | Alvan Adams | Kyle Macy | Maurice Lucas | Jay Humphries | James Edwards | Michael Holton | Charles Jones | Mike Sanders | Rod Foster | Alvin Scott | Charles Pittman | Rick Robey | Michael Young
45%
1978-79 Paul Westphal | Walter Davis | Alvan Adams | Truck Robinson | Don Buse | Ron Lee | Alvin Scott | Gar Heard | Marty Byrnes | Joel Kramer | Mike Bratz | Bayard Forrest | Ted McClain
45%
1980-81 Walter Davis | Alvan Adams | Dennis Johnson | Truck Robinson | Jeff Cook | Johnny High | Rich Kelley | Kyle Macy | Alvin Scott | Joel Kramer | Mike Niles
44%
1979-80 Paul Westphal | Walter Davis | Alvan Adams | Truck Robinson | Don Buse | Mike Bratz | Gar Heard | Alvin Scott | Rich Kelley | Jeff Cook | Johnny High | Joel Kramer
44%
1977-78 Paul Westphal | Walter Davis | Alvan Adams | Don Buse | Gar Heard | Ron Lee | Dennis Awtrey | Alvin Scott | Curtis Perry | Bayard Forrest | Mike Bratz | Greg Griffin
44%
1998-99 Jason Kidd | Tom Gugliotta | Clifford Robinson | Rex Chapman | George McCloud | Luc Longley | Danny Manning | Randy Livingston | Pat Garrity | Chris Morris | Joe Kleine | Toby Bailey | Shawn Respert | Gerald Brown | Alvin Sims | Jimmy Oliver | Marko Milič
42%
1976-77 Paul Westphal | Alvan Adams | Curtis Perry | Gar Heard | Ricky Sobers | Dennis Awtrey | Ron Lee | Ira Terrell | Dick Van Arsdale | Keith Erickson | Tom Van Arsdale | Butch Feher | Dale Schlueter
36%
1975-76 Paul Westphal | Alvan Adams | Gar Heard | Curtis Perry | Dick Van Arsdale | Keith Erickson | Ricky Sobers | John Shumate | Dennis Awtrey | Nate Hawthorne | Pat Riley | Phil Lumpkin | Mike Bantom | Fred Saunders | John Wetzel
35%
1969-70 Connie Hawkins | Gail Goodrich | Dick Van Arsdale | Paul Silas | Jim Fox | Dick Snyder | Art Harris | Neal Walk | Jerry Chambers | Lamar Green | Stan McKenzie | Neil Johnson
26%
1974-75 Charlie Scott | Dick Van Arsdale | Dennis Awtrey | Curtis Perry | Keith Erickson | Mike Bantom | Gary Melchionni | Greg Jackson | Fred Saunders | Earl Williams | Nate Hawthorne | Jim Owens | Corky Calhoun
24%
1972-73 Charlie Scott | Connie Hawkins | Dick Van Arsdale | Neal Walk | Lamar Green | Corky Calhoun | Clem Haskins | Gus Johnson | Mo Layton | Paul Stovall | Walt Wesley | Scott English
23%
1968-69 Dick Van Arsdale | Gail Goodrich | Jim Fox | George Wilson | Gary Gregor | Dick Snyder | McCoy McLemore | Stan McKenzie | Neil Johnson | Bob Warlick | Dave Lattin | Rod Knowles | Ed Biedenbach
22%
1971-72 Connie Hawkins | Dick Van Arsdale | Paul Silas | Clem Haskins | Charlie Scott | Neal Walk | Mo Layton | Otto Moore | Lamar Green | Mel Counts | John Wetzel | Art Harris | Fred Taylor | Jeff Webb
21%
1973-74 Charlie Scott | Dick Van Arsdale | Neal Walk | Keith Erickson | Corky Calhoun | Connie Hawkins | Mike Bantom | Clem Haskins | Gary Melchionni | Bob Christian | Lamar Green | Bill Chamberlain | Jim Owens | Joe Reaves
20%
1970-71 Dick Van Arsdale | Connie Hawkins | Paul Silas | Clem Haskins | Neal Walk | Mel Counts | Lamar Green | Art Harris | John Wetzel | Fred Taylor | Greg Howard | Joe Thomas
20%
No matching quizzes found
Score Distribution
Percent of People with Each Score
Percentile by Number Answered
Your Score History
You have not taken this quiz since the last reset